000 00792nam a22002057a 4500
999 _c391
_d391
003 AR-CdUCM
008 190223b ||||| |||| 00| 0 spa d
040 _aMUNICIPALIDAD PROVINCIAL DEL CUSCO
_cBIBLIOTECA MUNICIPAL DEL CUSCO
082 _a379.85 /
_bSA19
100 _aSamamé Boggio, Mario
_91569
245 _aLa revolución por la educación /
260 _aLima :
_bEditorial gráfica Labor,
_c1969.
300 _a163 páginas ;
_c24 cm.
505 _aUniversidad: Autonomía y ética -- La ingeniería y el Perú -- Política educacional y productividad -- Tecnología y revolución -- Promoción económica y dignificación humana.
650 _aUniversidad.
_91570
650 _aEducación.
_9460
650 _aTecnología.
_91571
942 _2ddc
_cLIBROS
945 _amvr
_d2019-02-23